Educación musical: Historia de la música, apreciación y repertorio
Saved in:
| Main Author: | |
|---|---|
| Format: | Book |
| Language: | Spanish |
| Published: |
Santiago
Fondo Editoria Educación Moderna
1966
|
| Edition: | 1° ed. |
| Textbook Catalogue: | MANES: Library Catalog Search Result |
| Textbook Classification: |
|
| Tags: |
Add Tag
No Tags, Be the first to tag this record!
|
| Added to: | 2023-12-06 |
| Changed in: | 2025-04-25 |
MARC
| LEADER | 00000nam a22000007a 4500 | ||
|---|---|---|---|
| 005 | 20250425101554.0 | ||
| 008 | 231207b |||||||| |||| 00| 0 spa d | ||
| 040 | |a MGM | ||
| 100 | |9 43294 |a Margaño, Luis |e autor | ||
| 245 | |a Educación musical: Historia de la música, apreciación y repertorio | ||
| 250 | |a 1° ed. | ||
| 260 | |a Santiago |b Fondo Editoria Educación Moderna |c 1966 | ||
| 300 | |a 180 pp. |c 15,5 x 12 cm | ||
| 546 | |a Chile | ||
| 561 | |5 cl-MGM |3 T 780 M327e 1966 6°H |a Chile. Museo Gabriela Mistral |k MANES | ||
| 690 | |a EA | ||
| 691 | |a SE | ||
| 942 | |2 ddc |c BK | ||
| 999 | |c 101005 |d 101005 | ||
| 999 | |c manes:101005 |d 101005 | ||